Daily Quiz #21 - Statistics

General Stats
  • This quiz has been taken 17 times
  • The average score is 4 of 5
Answer Stats
Hint Answer % Correct
What is the biggest river in the world? Amazon River
100%
What leaves do koalas eat? Eucalyptus
82%
What civil rights hero advocated for a more violent resistance than his contemporary Martin Luther King? Malcolm X
71%
Who wrote the Raven and the Telltale heart? Edgar Allan Poe
59%
What NBA team has won the most championships? Boston Celtics
41%
No matching quizzes found
Score Distribution
Percent of People with Each Score
Percentile by Number Answered
Your Score History
You have not taken this quiz